000 00480nam a2200181Ia 4500
001 23336
005 20260414150930.0
008 260414t2019||||xx |||||||||||||| ||spa||
041 _aESP
082 _a629.8
_bV66
100 _aOtálvaro Guzmán, Viviana
_eAUT
245 0 _aBiónica y biomímesis en el diseño de productos :
_bmodelos de aplicación
260 _c2019
300 _a239 páginas :
_c23 cm.
650 _aCNM
654 _aCCN
942 _cLIB
_dJUS
_fJUS
_2ddc
_n
999 _c23336
_d23336